Southville International School and Colleges
Your cart is empty.
  • Cart
  • Lists
    Public lists Eva Luna New books Lux_list list_1
    Your lists Log in to create your own lists
  • Log in to your account
  • Your cookies
  • Search history
Southville International School and Colleges
  • Advanced search
  • Recent comments
  • Most popular
  • Libraries

Log in to your account

Log in with GOOGLE


If you do not have an external account, but do have a local account, you can still log in:

  1. Home
  2. MARC view: The general educator's guide to special education /
Normal view MARC view ISBD view

The general educator's guide to special education / (Record no. 115808)

[ view plain ]
MARC details
000 -LEADER
fixed length control field 00662nam a22002177a 4500
003 - CONTROL NUMBER IDENTIFIER
control field OSt
005 - DATE AND TIME OF LATEST TRANSACTION
control field 20140506115153.0
008 - FIXED-LENGTH DATA ELEMENTS--GENERAL INFORMATION
fixed length control field 140506b xxu||||| |||| 00| 0 eng d
020 ## - INTERNATIONAL STANDARD BOOK NUMBER
International Standard Book Number 9781412971379
050 ## - LIBRARY OF CONGRESS CALL NUMBER
Classification number LC 4019
Item number .M215 2009
100 ## - MAIN ENTRY--PERSONAL NAME
Personal name Maanum, Jody L.
245 ## - TITLE STATEMENT
Title The general educator's guide to special education /
Statement of responsibility, etc Jody L. Maanum.
250 ## - EDITION STATEMENT
Edition statement 3rd ed.
260 ## - PUBLICATION, DISTRIBUTION, ETC. (IMPRINT)
Place of publication, distribution, etc USA :
Name of publisher, distributor, etc CORWIN,
Date of publication, distribution, etc c2009.
300 ## - PHYSICAL DESCRIPTION
Extent xv. 236 p. :
Dimensions 28 cm.
521 ## - TARGET AUDIENCE NOTE
Target audience note
650 ## - SUBJECT ADDED ENTRY--TOPICAL TERM
Topical term or geographic name as entry element Children with disabilities
General subdivision Education
-- United States
-- Handbooks, manuals, etc.
651 ## - SUBJECT ADDED ENTRY--GEOGRAPHIC NAME
Geographic name Special education
General subdivision Handbooks, manuals, etc.
942 ## - ADDED ENTRY ELEMENTS (KOHA)
Source of classification or shelving scheme Library of Congress Classification
Koha item type Books
Holdings
Withdrawn status Lost status Source of classification or shelving scheme Damaged status Home library Current library Shelving location Date acquired Total Checkouts Total Renewals Full call number Barcode Date last seen Date checked out Copy number Price effective from Koha item type
    Library of Congress Classification   College Library College Library General Circulation Section 05/06/2014 1 3 LC 4019 .M215 2009 C13065 05/15/2018 03/03/2017 1 05/06/2014 Books

The general educator's guide to special education /

APA

Maanum J. L., . (2009). The general educator's guide to special education. USA: CORWIN.

Chicago

Maanum Jody L, . 2009. The general educator's guide to special education. USA: CORWIN.

Harvard

Maanum J. L., . (2009). The general educator's guide to special education. USA: CORWIN.

MLA

Maanum Jody L, . The general educator's guide to special education. USA: CORWIN. 2009.

  • Place hold
  • Print
  • Cite
  • Add to your cart (remove)
  • Save record
    BIBTEX Dublin Core MARCXML MARC (non-Unicode/MARC-8) MARC (Unicode/UTF-8) MARC (Unicode/UTF-8, Standard) MODS (XML) RIS
  • More searches
    Search for this title in:
    Other Libraries (WorldCat) Other Databases (Google Scholar) Online Stores (Bookfinder.com) Open Library (openlibrary.org)

Exporting to Dublin Core...

SOUTHVILLE LIBRARY

Southville International School and Colleges Library

1281 Tropical Ave. Cor. Luxembourg St., BF Homes International, Las Pinas City

Tel. No. 8256374 / 252358 Loc. 117/146

Powered by Koha